| 000 | 01303nas a2200253 454500 | ||
|---|---|---|---|
| 001 | 1721 | ||
| 005 | 20260407193504.0 | ||
| 008 | 260407s2011####ag###########|||spa#d | ||
| 003 | AR-UNSa-BCEJYS | ||
| 040 |
_aAR-UNSa-BCEJYS _bspa _cAR-UNSa-BCEJYS |
||
| 080 |
_a342.9 _xDerecho Administrativo |
||
| 245 | 1 | 0 |
_aDerecho administrativo _prevista de doctrina, jurisprudencia, legislación y práctica |
| 022 | _a1851-0590 | ||
| 264 | 1 |
_aBuenos Aires : _bAbeledo Perrot _c2011 |
|
| 310 | _aFrecuencia: Trimestral | ||
| 505 | _aDestacados autores analizan en profundidad las principales cuestiones del Derecho Administrativo. Tratamiento de las temáticas actuales de mayor interés. Concesión de servicios públicos, regulación, negociación de contratos, etc. Importantes aportes de juristas extranjeros desde la perspectiva del Derecho Comparado. Selección de jurisprudencia de tribunales nacionales y provinciales y legislación relacionada a la materia, comentada por especialistas. | ||
| 041 | _aspa | ||
| 942 | _cSER | ||
| 590 | _aniveau_biblio:s niveau_hierar:1 | ||
| 100 | 1 | _aCassagne, Juan Carlos | |
| 650 | _aDERECHO ADMINISTRATIVO | ||
| 650 | _aDerecho constitucional | ||
| 856 | 4 | 1 |
_uhttps://biblioeco.unsa.edu.ar/pmb/images/revistas/Derecho Administrativo.jpg _yImagen de portada _qimage/jpeg |
| 999 |
_c8387 _d8387 |
||